Solomonic Judgements : (Record no. 588355)

MARC details
000 -LEADER
fixed length control field 00498nam a2200193 a 4500
008 - FIXED-LENGTH DATA ELEMENTS--GENERAL INFORMATION
fixed length control field 250919s1989##################000#0#eng##
020 ## - INTERNATIONAL STANDARD BOOK NUMBER
ISBN 9780521376082
082 04 - DEWEY DECIMAL CLASSIFICATION NUMBER
Classification number 153.46
Item number ELS
100 1# - MAIN ENTRY--AUTHOR NAME
Personal name Elster, Jon,
245 10 - TITLE STATEMENT
Title Solomonic Judgements :
260 ## - PUBLICATION, DISTRIBUTION, ETC. (IMPRINT)
Name of publisher Cambridge University Press,
Year of publication 1989.
300 ## - PHYSICAL DESCRIPTION
Number of Pages 248 pages
650 #0 - SUBJECT ADDED ENTRY--TOPICAL TERM
Topical Term Education.
942 ## - ADDED ENTRY ELEMENTS (KOHA)
Koha item type English Books
Holdings
Withdrawn status Lost status Damaged status Not for loan Home library Current library Shelving location Date acquired Full call number Accession Number Price effective from Koha item type
        Anna Centenary Library Anna Centenary Library 3RD FLOOR, A WING 20.09.2025 153.46 ELS 233583 20.09.2025 English Books

Find us on the map